000 00894nam a22002297a 4500
005 20240530110524.0
008 160224s2011 ua a g 000 0dara d
017 _a2010/24424
_bمصر . دار الكتب المصرية
020 _a9789777044073
040 _aEG-CaGPL
082 0 4 _221
_a128.5\
_bت إ
100 0 _aتوينبى ، ارنولد .
245 1 2 _aالانسان و هموم الموت /
_cتاليف ارنولد توينبى واخرين ؛ ترجمة و تقديم عزت شعلان .
250 _aط1.
260 _aالقاهرة :
_bالمركز القومى للترجمة ،
_c2011 .
300 _a427 ص ؛
_c24 سم .
490 0 _aالمشروع القومى للترجمة ،
_v1659
650 0 4 _aالموت ( فلسفة ) .
700 0 _aعزت شعلان
_eمترجم و مقدم .
942 _2ddc
_cBK
999 _c61949
_d61949